LEADER 01342oam 2200433zu 450 001 996204375603316 005 20210807003105.0 010 $a1-5090-7768-5 035 $a(CKB)1000000000710573 035 $a(SSID)ssj0000453220 035 $a(PQKBManifestationID)12169730 035 $a(PQKBTitleCode)TC0000453220 035 $a(PQKBWorkID)10481583 035 $a(PQKB)10838448 035 $a(NjHacI)991000000000710573 035 $a(EXLCZ)991000000000710573 100 $a20160829d2008 uy 101 0 $aeng 135 $aur||||||||||| 181 $ctxt 182 $cc 183 $acr 200 10$a2008 IEEE Nuclear Science Symposium Conference Record 210 31$a[Place of publication not identified]$cI E E E$d2008 215 $a1 online resource $cillustrations 300 $aBibliographic Level Mode of Issuance: Monograph 311 $a1-4244-2714-2 320 $aIncludes bibliographical references. 606 $aImaging systems in medicine$vCongresses 606 $aNuclear energy$xResearch 615 0$aImaging systems in medicine 615 0$aNuclear energy$xResearch. 676 $a616.0754 702 $aIEEE Staff 801 0$bPQKB 906 $aPROCEEDING 912 $a996204375603316 996 $a2008 IEEE Nuclear Science Symposium Conference Record$92546964 997 $aUNISA LEADER 01112nam0 22002651i 450 001 UON00029655 005 20231205102055.79 100 $a20020107d1965 |0itac50 ba 101 $aeng 102 $aSG 105 $a|||| 1|||| 200 1 $aIslamic Law in Malaya$fAhmad Ibrahim 210 $aSingapore$cMalaysian Sociological Research Institute$d1965 215 $a444 p.$d21 cm 606 $aDIRITTO ISLAMICO$xMalesia$3UONC009736$2FI 620 $aSG$dSingapore$3UONL000183 686 $aMAL XV$cMALESIA - DIRITTO$2A 700 1$aIBRAHIM$bAhmad$3UONV003842$0644667 712 $aMalaysian sociological Research Institute$3UONV250938$4650 801 $aIT$bSOL$c20240220$gRICA 912 $aUON00029655 950 $aSIBA - SISTEMA BIBLIOTECARIO DI ATENEO$dSI DOPPI MAL XV 004 $eSI IR 133 7 004 950 $aSIBA - SISTEMA BIBLIOTECARIO DI ATENEO$dSI MAL XV 004 N $eSI IND1317 5 004 N 996 $aIslamic Law in Malaya$91187943 997 $aUNIOR